000 00302nam a2200121Ia 4500
008 190216s9999||||xx |||||||||||||| ||und||
100 _aPolya G
 Szego G
245 0 _aProblems And Theories In Analysis
260 _bNarosa Pubs House
_c1979
300 _a391 p
650 _aComputer
942 _cBK
999 _c33129
_d33129